| 000 | 00708cab a2200205 4500 | ||
|---|---|---|---|
| 001 | X3798 | ||
| 008 | 090401t1996 xxu||||| |||| 00| 0 eng d | ||
| 035 | _a(Sirsi) u32911 | ||
| 041 | _aeng | ||
| 245 | _aMitsui Babcock Energy Ltd v John Brown Engineering Ltd | ||
| 260 | _c1996 | ||
| 350 | _a0 | ||
| 490 |
_aConstruction Industry Law Letter _v[1996] CILL 1196-1198(3) |
||
| 520 | _aESSENTIAL TERMS; POST CONTRACT EVIDENCE; PARTIES ESTOPPED FROM DENYING; EXISTENCE OF CONTRACT (TAKEN FROM JOURNAL HEADING) | ||
| 650 | _aCONTRACT CLAUSES | ||
| 650 | _aMITSUI BABCOCK ENERGY LTD V JOHN BROWN ENGINEERING LTD | ||
| 690 | _aBUILT ENVIRONMENT-BUILDING CONTRACT FORMS | ||
| 942 | _n0 | ||
| 948 | _c04/03/1997 | ||
| 999 |
_c21988 _d21988 |
||